000 00463nam a2200193Ia 4500
005 20250423100633.0
008 250422s9999 xx 000 0 und d
020 _a9789780572597
050 _aKP 128 .P2/
100 _aPaul l.davies
245 0 _aPrinciples of modern company law
250 _a8th ed.
260 _aLondon,
260 _bsweet and maxwell
260 _c2008
300 _a1258 p
650 _aModern company law-Nigeria.
942 _cBK
999 _c33904
_d33904